00793nam a22001817a 450000500170000000800410001704000250005804100080008304400070009111000690009824501490016726001230031630000270043965000260046665000560049265000330054865000300058120200104041631.0150109b2011 ck || |r|||| 00| 0 spa d aCO-BoIAVHcCO-BoIAVH aspa ack1 aColombia bCorporación Autónoma Regional de Cundinamarca-CAR1 aInclusión de la Dimensión Ambiental en el Currículo Escolar : bA través de la transversalización del Proyecto Ambiental Escolar PRAE aBogotá D.C :bCorporación Autónoma Regional de Cundinamarca-CAR,bAsociación Ambiental Nueva Era-ASOAN,c2011. a77 pagbFot, ilc28 cm 4aEducación ambiental 4aProtección de los recursos naturalesxEnseñanza 4aCultura ambientalvProyectos a Niños y medio ambiente